| 000 | 00355 a2200169 4500 | ||
|---|---|---|---|
| 001 | 157319 | ||
| 020 | _a978-85-378-1829-9 | ||
| 040 | _cEscola São Tomás de Aquino | ||
| 100 | _aSEALE, Yasmine | ||
| 240 | 1 | 0 |
_aAladim _lpor |
| 245 | 1 | 0 | _aAladim |
| 300 | _a143 | ||
| 362 | 0 | _a2019 | |
| 440 | 1 | _aZahar | |
| 697 | _a*LITERATURA JUVENIL | ||
| 942 | _cBK | ||
| 999 |
_c157319 _d157319 |
||